A méz pollenvizsgálatának alkalmazásáról és használhatóságáról
A méz minõsítéséhez használatos pollenanalízis alapos elméleti és gyakorlati ismereteket igényel. A jelenleg érvényes vizsgálati szabvány korszerûsítése szintén indokolt. Gazdaságossági és más okokból azonban most is célszerû legalább a rutin pollenanalízist a költségesebb kromatográfiás vizsgálatok...
Elmentve itt :
| Szerző: | |
|---|---|
| Dokumentumtípus: | Cikk |
| Megjelent: |
Q & M Kft.
Budapest
1997
|
| Sorozat: | Élelmiszervizsgálati közlemények
43 No. 3 |
| Kulcsszavak: | Élelmiszervizsgálat - analitikai kémia, Élelmiszerkémia - módszer, Méz - minőség |
| Tárgyszavak: | |
| Online Access: | http://acta.bibl.u-szeged.hu/79939 |
| LEADER | 02163nab a2200253 i 4500 | ||
|---|---|---|---|
| 001 | acta79939 | ||
| 005 | 20230826091905.0 | ||
| 008 | 230726s1997 hu o 0|| hun d | ||
| 022 | |a 0422-9576 | ||
| 040 | |a SZTE Egyetemi Kiadványok Repozitórium |b hun | ||
| 041 | |a hun | ||
| 041 | |a eng | ||
| 041 | |a ger | ||
| 100 | 1 | |a Lukács Gábor | |
| 245 | 1 | 2 | |a A méz pollenvizsgálatának alkalmazásáról és használhatóságáról |h [elektronikus dokumentum] / |c Lukács Gábor |
| 260 | |a Q & M Kft. |b Budapest |c 1997 | ||
| 300 | |a 198-207 | ||
| 490 | 0 | |a Élelmiszervizsgálati közlemények |v 43 No. 3 | |
| 520 | 3 | |a A méz minõsítéséhez használatos pollenanalízis alapos elméleti és gyakorlati ismereteket igényel. A jelenleg érvényes vizsgálati szabvány korszerûsítése szintén indokolt. Gazdaságossági és más okokból azonban most is célszerû legalább a rutin pollenanalízist a költségesebb kromatográfiás vizsgálatok elõtt rendszeresen elvégezni. Well-based theoretical and practical knowledge is required for the pollen analysis needed to qualify honey. The examination standard being efficient today should also be made up-to-date. For economic and other reasons, however, it is practical also this time to carry out regularly at least the routine pollen analysis prior to the more expensive chromatographic examinations. Die zur Qualitätsbewertung von Honig angewandte Pollenanalyse erfordert gründliche theoretische und praktische Kenntnisse. Die Weiterentwicklung der gegenwärtig gültigen standardisierten Prüfvorschrift ist ebenfalls begründet. Aus wirtschaftlichen und anderen Gründen ist es auch gegenwärtig begründet, zumindest die routine Pollenanalyse vor den kostspieligen chromatographischen Untersuchungen regelmäßig durchzuführen. | |
| 650 | 4 | |a Műszaki és technológiai tudományok | |
| 650 | 4 | |a Egyéb műszaki tudományok és technológiák | |
| 650 | 4 | |a Élelmiszer és italfélék | |
| 695 | |a Élelmiszervizsgálat - analitikai kémia, Élelmiszerkémia - módszer, Méz - minőség | ||
| 856 | 4 | 0 | |u http://acta.bibl.u-szeged.hu/79939/1/elelmiszervizsgalati_kozlemenyek_1997_03_198-207.pdf |z Dokumentum-elérés |